000
00308nam a22001457a 4500
008
221216b ||||| |||| 00| 0 eng d
020
_a
9781640430327
041
_a
eng
080
_a
579
082
_a
579LEB
100
_a
17
101
_a
MIKRO
245
_a
MOCROBIOLOGY
_c
LEBOFFE.J.M
942
_2
udc
_c
BK
999
_c
59198
_d
59198